1575 1609 1222 1843 1280 1486 1868 1212 1109 1907 1172 1056 1513 1051 1581 1860 1245 1024 1209 1159 1062 1751 1156 1693 1079 1109 1031 1098 1612 1571 1384 1349 1899 1098 1241 1599 1903 1233 1312 1324 1526 1643 1599 1103 1892 1404 1105 1906 1128 1112 1261 1672 1060 1222 1833 1764 1980 1918 1148 1789 1696 1316 1947 1805 1225 1444 1629 1650 1022 1061 1418 1214 1232 1976 1152 1421 1958 1649 1959 1979 1371 1671 1539 1689 1192 1415 1576 1007 1762 1189 1748 1762 1348 1609 1864 1491 1010 1235 1482 BCNSPRNW ULIB Ver.6.0+V

เปลี่ยนเป็นภาษาไทย

Change to English
 แสดงรายละเอียดบรรณานุกรม
  กลับหน้าหลัก

Brief Record : Get Marc (ISO 2709) : E-mail record : QR code < ปิดหน้าต่าง
LEADER : 00000nam 2200000uu 4500
001    13399121443
003     ULIB
008    110608s2546 th 000 j tha d
020    ^a9789749166161
090    ^aรส.^bน415ล 2546
100 0  ^aนัน บางนรา
245 10 ^aละคอนโรงเก่าและงานคัดสรร /^cนัน บางนรา
250    ^aพิมพ์ครั้งที่ 1
260    ^aกรุงเทพฯ :^bมูลนิธิสถาบันวิชาการ 14 ตุลา,^c2546
300    ^a81 หน้า ;^c21 ซม.
490 0  ^aหนังสือชุด''ตุลาวรรณกรรม''
500    ^aฉลองครบรอบ 30 ปี 14 ตุลา : 2516-2546 ร่วมวาระประวัติศาสตร์''''วัน 14 ตุลา ประชาธิปไตย''''
650  4 ^aเรื่องสั้น^xรวมเรื่อง
650  4 ^aเรื่องสั้นไทย^xรวมเรื่อง
710 2  ^aมูลนิธิสถาบันวิชาการ 14 ตุลา
945    ^p0^l0^i14356
995    ^aกัณชพร
999    ^aกัณชพร
รายการนี้ยังไม่มีแท็ก
คุณยังไม่ได้ล็อกอิน คุณสามารถมีกิจกรรมร่วมกับเว็บไซต์ได้ แต่ต้องล็อกอินก่อน ::
  ล็อกอิน

รายการสื่อสารสนเทศ

ลำดับที่ ประเภท เลขเรียก/บาร์โค้ด สถานที่ สถานะ
1. นวนิยาย
นวนิยาย
รส. น415ล 2546  
  Barcode: 14356
ห้องสมุดวิทยาเขตสวรรค์ประชารักษ์
►นวนิยาย
บนชั้น
  ขอยืม

รายการใกล้เคียง
    หัวเรื่อง [เรื่องสั้น รวมเรื่อง]

BibComment


ยังไม่เคยถูกคอมเมนท์

คอมเมนท์ทรัพยากรรายการนี้
  คอมเมนท์: ละคอนโรงเก่าและง..


 Copyright 2026. Bcnsprnw @Library